His Wife's Lover and Other Stories (Record no. 209758)

MARC details
000 -LEADER
fixed length control field 00639nam a22001937a 4500
005 - DATE AND TIME OF LATEST TRANSACTION
control field 20250225151222.0
010 ## - LCCN (DPL NO)
LC control number ENG-143942
020 ## - INTERNATIONAL STANDARD BOOK NUMBER
International Standard Book Number 9789393757012
Terms of availability 255.00
035 ## - SYSTEM CONTROL NUMBER
System control number EN-127474
037 ## - SOURCE OF ACQUISITION
Source of stock number/acquisition DBAD/PUB
082 ## - DEWEY DECIMAL CLASSIFICATION NUMBER
Classification number S
Edition number 01
100 ## - MAIN ENTRY--PERSONAL NAME
Personal name Saleem Muzaffar
245 ## - TITLE STATEMENT
Title His Wife's Lover and Other Stories
Statement of responsibility, etc Muzaffar Salleem
Medium English
260 ## - PUBLICATION, DISTRIBUTION, ETC. (IMPRINT)
Place of publication, distribution, etc Maharashtra
Name of publisher, distributor, etc Vishwakarma publication
Date of publication, distribution, etc 2022
270 ## - ADDRESS
Address 34A/1 , Suyog Center ,7 th Floor ,Gultekadi Marketyard Road ,Giridhar Bhavan Chowk , pune
City Maharashtra
Postal code 411037
300 ## - PHYSICAL DESCRIPTION
Extent 181p
Dimensions 21cm(pbk)
700 ## - ADDED ENTRY--PERSONAL NAME
Personal name Snorrason, Gylfi K.
9 (RLIN) 78655
942 ## - ADDED ENTRY ELEMENTS (KOHA)
Source of classification or shelving scheme Dewey Decimal Classification
Item type English Books
Classification part S
Call number suffix SAL
Holdings
Withdrawn status Lost status Not for loan Collection code Home library Current library Date acquired Source of acquisition Cost, normal purchase price Full call number Barcode Cost, replacement price Koha item type
      Fiction Central Library Central Library 25/02/2025 DBAD 255.00 S SAL EN-127474 255.00 English Books

© Delhi Public Library
Hit Counter
free hit counter